| 000 | 00429pab a2200181 454500 | ||
|---|---|---|---|
| 008 | 180718b2011 xxu||||| |||| 00| 0 eng d | ||
| 100 | _aSingh, Ranbir | ||
| 245 | _aPanchayati Raj in India: Retrospect and prospect | ||
| 260 | _c2011 | ||
| 300 | _ap.12-15. | ||
| 362 | _aAug | ||
| 650 | _aPanchayat - India | ||
| 650 | _aPanchayat | ||
| 700 | _aSingh, Preet Pal | ||
| 773 | _aKurukshetra | ||
| 908 | _aN | ||
| 909 | _a92736 | ||
| 999 |
_c92736 _d92736 |
||